000 01007nam a2200253 4500
001 145397
003 ES-MaACL
005 20250815033624.0
007 t|
008 070214s1960 sp r ||||1| spa d
100 1 _aSorokin, Pitirim A.
_9107417
245 1 0 _aSociedad, cultura y personalidad :
_bsu estructura y su dinámica : sistema de sociología general /
_cPitirim A. Sorokin ; traducción del inglés por Aníbal del Campo ; revisada por José Rovira Armengol y supervisada por José María Bolaño.
260 _aMadrid :
_bAguilar,
_c1960 (
_fSelecciones Gráf.)
300 _a2 v. (XXXI, 1122 p.) ;
_c22 cm.
490 1 _aCultura e historia
650 _aPersonalidad y cultura.
_9173671
650 4 _aSociología de la cultura.
_9146353
700 1 _aCampo, Aníbal del.
_934191
700 1 _aRovira Armengol, José.
_9100141
700 1 _aBolaño, José María.
_929940
830 1 0 _aCultura e historia
_9182356
852 _aES-MaACL
_jC-17548-49
999 _c145397
_d145397